Reconocimientos geológicos en la región del estado de Sonora / (Record no. 26862)

MARC details
000 -LEADER
fixed length control field 01276cam a22003011a 4500
001 - CONTROL NUMBER
control field gs 31000084
003 - CONTROL NUMBER IDENTIFIER
control field DLC
005 - DATE AND TIME OF LATEST TRANSACTION
control field 20260227111335.0
008 - FIXED-LENGTH DATA ELEMENTS--GENERAL INFORMATION
fixed length control field 820205s1929 mx abef b f000 0 spa c
010 ## - LIBRARY OF CONGRESS CONTROL NUMBER
LC control number gs 31000084
035 ## - SYSTEM CONTROL NUMBER
System control number (OCoLC)8130740
040 ## - CATALOGING SOURCE
Original cataloging agency U.S. Geol. Survey. Library
Transcribing agency CU-A
Modifying agency CU-S
-- DLC
042 ## - AUTHENTICATION CODE
Authentication code premarc
043 ## - GEOGRAPHIC AREA CODE
Geographic area code n-mx---
050 00 - LIBRARY OF CONGRESS CALL NUMBER
Classification number QE201
Item number .A2 num. 49
100 1# - MAIN ENTRY--PERSONAL NAME
Personal name Flores, Teodoro.
245 10 - TITLE STATEMENT
Title Reconocimientos geológicos en la región del estado de Sonora /
Statement of responsibility, etc. por Teodoro Flores.
260 ## - PUBLICATION, DISTRIBUTION, ETC.
Place of publication, distribution, etc. México :
Name of publisher, distributor, etc. Talleres "La Impresora,"
Date of publication, distribution, etc. 1929.
300 ## - PHYSICAL DESCRIPTION
Extent [4], ix, [1], [3]-267 p., [144] leaves of plates (some folded) :
Other physical details ill., maps, plans ;
Dimensions 34 cm.
490 1# - SERIES STATEMENT
Series statement Boletiń / Instituto geológico de México ;
Volume/sequential designation no. 49
500 ## - GENERAL NOTE
General note At head of title: Secretaría de industria, comercio y trabajo ; Departamento de exploraciones y estudios geológicos.
500 ## - GENERAL NOTE
General note Plates ii-v, viii-ix, xii, xix-xx, and xxviii in separate envelope.
504 ## - BIBLIOGRAPHY, ETC. NOTE
Bibliography, etc. note Includes bibliographical references: p. [252]-253.
650 #0 - SUBJECT ADDED ENTRY--TOPICAL TERM
Topical term or geographic name entry element Geology
Geographic subdivision Mexico
-- Sonora (State)
650 #0 - SUBJECT ADDED ENTRY--TOPICAL TERM
Topical term or geographic name entry element Mines and mineral resources
Geographic subdivision Mexico
-- Sonora (State)
710 2# - ADDED ENTRY--CORPORATE NAME
Corporate name or jurisdiction name as entry element Instituto Geológico de México.
830 #0 - SERIES ADDED ENTRY--UNIFORM TITLE
Uniform title Boletiń (Instituto geológico de México) ;
Volume/sequential designation no. 49.

No items available.

Powered by Koha